000
00328nam a2200121Ia 4500
008
190415s9999 xx 000 0 und d
082
_a
RE.000;
100
_a
India. Ministry of Education a
245
0
_a
Education in Universities in India 1968-69 : A statistical survey.
260
_c
1981
300
_a
iii,396p.
942
_c
BK
999
_c
13265
_d
13265